000 00297nam a2200121Ia 4500
008 190216s9999||||xx |||||||||||||| ||und||
100 _aGordon E & Natarajan K
245 0 _aBanking Theory Law And Practice
260 _bS Chand & Co
_c2000
300 _a493p
650 _aCommerce
942 _cBK
999 _c5965
_d5965